00372nam a2200157Ia 4500008004100000082001000041100002400051245001900075260001800094300000800112501003200120600001200152630001900164700001200183730001900195090122s9999 xx 000 0 und d b12765 aOctopusbIndiacPub aTell me Where? bOctopusc2004 a207 a"Rohit Book Centre, Kalyan" aOctopus aTell me Where? aOctopus aTell me Where?